| 000 | 00708nam a22002177a 4500 | ||
|---|---|---|---|
| 003 | OSt | ||
| 005 | 20260213030502.0 | ||
| 008 | 260213b |||||||| |||| 00| 0 eng d | ||
| 020 | _a978-971-27-1848-9 | ||
| 040 |
_aDWCL-Main Lib _cOC |
||
| 082 | _aFil.920.72 F483 2006 | ||
| 245 | _aFilipino peace women : nominees to the 2005 Nobel Peace Prize | ||
| 260 |
_aPasig City : _bAnvil Publishing, _cc2006 |
||
| 300 |
_axi, 190 p. : _bill. ; _c21 cm. |
||
| 504 | _a1. Includes references. | ||
| 650 | _aFilipino - Women (Biographies). | ||
| 650 | _aFilipino - women - Nobel Peace (Nominees). | ||
| 700 |
_aSICAM, PAULYNN P. _eEditor |
||
| 700 |
_aTRIPON, OLIVIA H. _eEditor |
||
| 942 |
_2ddc _cBK - FIL _mFil. _n0 |
||
| 999 |
_c8398 _d8398 |
||